00948nam a2200253Ia 4500003000400000005001700004008004100021020002200062040000700084041000800091082001300099100002800112245007600140250000700216260006500223300001800288365001200306700002700318700002800345906008000373942001200453999001900465952021000484OSt20250807141422.0210719s2020 xx 000 0 und d a978-81-942446-0-8 cAL aeng a658 WEIM aWeihrich, Heinz 969962 aManagementb: a global innovative and entrepreneurial perspective Ed 15 a15 aChennaibMcGraw Hill Education (India) Private Limitedc2020 axxvii,571bPB b825cRs aCannice, Mark 9234536 aVkoontz, Harold9234537 a15 ; Ed ; entrepreneurial ; global ; innovative ; Management: ; perspective 2ddccBK c212077d212077 00102ddc40738PSaALbALcRSd2021-03-16eSapna Book House Pvt Ltd, K S Rao Road, Mangalore-575001 | General Annualg825.00l1o658 WEIMp074891r2023-03-30 00:00:00s2023-01-21v660.00w2021-07-19yREF